00589 a2200229 4500041000800000082001800008100002000026100002200046100002200068100002200090245006800112250001200180260003600192300002300228518001500251530000600266650002000272650001800292650002000310650001500330653001400345 aEng a301.152bG918 aBarker, Larry L aWahlers, Kathy J. aCegala, Donald J. aKibler, Robert J. aGroups in processban introduction to small group communication a2nd ed. aEnglewoodbPrentice-Hallcc1983 aviii, 264p. illus. a2011-03-03 aM aDecision making aSocial groups aGroup behaviour aLeadership aSociology